[Event "4NCL/Div4/AD3 vs. OXF2"]
[Site "West Bromwich ENG"]
[Date "2004.06.20"]
[Round "11.3"]
[White "Graham, Nick"]
[Black "Ludbrook, Matt"]
[Result "1-0"]
[WhiteElo "1840"]
[BlackElo "1816"]
[PlyCount "75"]
[EventDate "2004.06.20"]

1. d4 Nf6 2. Nf3 g6 3. Nc3 Bg7 4. e4 d6 5. Be3 O-O 6. Qd2 c6 7. h3 b5 8. a3 a6
9. Be2 Qc7 10. O-O Bb7 11. Bh6 Nbd7 12. Bxg7 Kxg7 13. Qg5 h6 14. Qg3 c5 15. e5
dxe5 16. dxe5 Ne4 17. Nxe4 Bxe4 18. c3 Rad8 19. Rfe1 Bd5 20. a4 Qb6 21. axb5
axb5 22. Nh4 c4 23. Rad1 Nc5 24. Nf5+ Kh7 25. Nxe7 Ne4 26. Qf4 Bb7 27. Rxd8
Qxd8 28. Bf3 Qxe7 29. Bxe4 Bxe4 30. Qxe4 Qc5 31. h4 Re8 32. h5 Re6 33. Re3 Kg7
34. hxg6 Rxg6 35. Kf1 b4 36. cxb4 Qxb4 37. Qd4 Re6 38. f4 1-0

[Event "4NCL/Div4/AD3 vs. OXF2"]
[Site "West Bromwich ENG"]
[Date "2004.06.20"]
[Round "11.4"]
[White "McIntosh, Chris"]
[Black "Whitmore, Darren"]
[Result "1-0"]
[WhiteElo "1768"]
[BlackElo "1752"]
[PlyCount "91"]
[EventDate "2004.06.20"]

1. d4 d5 2. Nf3 Nf6 3. Bg5 c6 4. Nbd2 Qb6 5. Nb3 Nbd7 6. e3 a5 7. a4 e6 8. Bd3
Bb4+ 9. c3 Be7 10. O-O h6 11. Bh4 g5 12. Bg3 Nh5 13. e4 dxe4 14. Bxe4 f5 15.
Be5 fxe4 16. Bxh8 exf3 17. Qxf3 Ndf6 18. Nc5 Bd7 19. Rfe1 g4 20. Qe3 O-O-O 21.
Bxf6 Nxf6 22. Nxe6 Re8 23. Ng7 Nd5 24. Qxh6 Bf8 25. Rxe8+ Bxe8 26. Re1 Bd7 27.
Qh8 Qd8 28. Ne6 Bxe6 29. Rxe6 Nf4 30. Rf6 Ng6 31. Rxg6 Qe8 32. Re6 Qxe6 33.
Qxf8+ Kc7 34. Qg7+ Kb6 35. Qe5 Qg6 36. Qc5+ Ka6 37. Qc4+ Kb6 38. Qb3+ Kc7 39.
Qd1 Qe4 40. Kf1 Kd6 41. c4 b6 42. b3 Qf4 43. Qc2 Qxd4 44. g3 Kc5 45. f4 gxf3
46. Qf2 1-0

[Event "4NCL/Div4/AD3 vs. OXF2"]
[Site "West Bromwich ENG"]
[Date "2004.06.20"]
[Round "11.5"]
[White "Pready, Alex D"]
[Black "Harrison, Pete R"]
[Result "0-1"]
[WhiteElo "1664"]
[BlackElo "1600"]
[PlyCount "104"]
[EventDate "2004.06.20"]

1. e4 e6 2. d4 d5 3. e5 c5 4. c3 Nc6 5. Nf3 Bd7 6. Be2 Nge7 7. O-O Nf5 8. Bg5
Qb6 9. dxc5 Qxb2 10. Nbd2 Qxc3 11. Rc1 Qa5 12. Nb3 Qc7 13. Bd3 g6 14. Re1 Be7
15. Bf4 Na5 16. Bxf5 Nxb3 17. axb3 gxf5 18. Ng5 h6 19. Nxf7 Kxf7 20. Qh5+ Kg7
21. Re3 Rag8 22. Rg3+ Bg5 23. Bxg5 hxg5 24. Qxg5+ Kf7 25. Qf6+ Ke8 26. Rcc3 Qd8
27. Qxd8+ Kxd8 28. Rxg8+ Rxg8 29. h4 Rh8 30. g3 Kc7 31. f3 Kc6 32. b4 Kb5 33.
Rb3 Kc4 34. Rb1 a6 35. Kf2 Kc3 36. Ke3 d4+ 37. Kf4 d3 38. Ra1 Kb2 39. Rh1 Kc2
40. Ke3 Bb5 41. Rh2+ Kc3 42. h5 d2 43. Rxd2 Rxh5 44. Rd6 Bc4 45. c6 bxc6 46.
Rxc6 Rh3 47. Kf4 Kxb4 48. Rd6 a5 49. g4 fxg4 50. Kxg4 Rh1 51. f4 Rf1 52. Kg5 a4
0-1

[Event "4NCL/Div4/AD3 vs. OXF2"]
[Site "West Bromwich ENG"]
[Date "2004.06.20"]
[Round "11.6"]
[White "Henbest, Kevin B"]
[Black "Graham, Louis"]
[Result "0-1"]
[WhiteElo "1520"]
[BlackElo "1560"]
[PlyCount "90"]
[EventDate "2004.06.20"]

1. e4 e5 2. Nf3 Nc6 3. Bb5 a6 4. Ba4 Nf6 5. Qe2 b5 6. Bb3 Be7 7. c3 d6 8. h3
O-O 9. O-O Be6 10. Bxe6 fxe6 11. d3 h6 12. Nbd2 Qe8 13. a4 Nh5 14. Nb3 Na7 15.
axb5 Qxb5 16. Qd1 Nf4 17. Bxf4 Rxf4 18. Ra5 Qb7 19. Nfd2 Nc6 20. Ra4 Qb5 21.
Rc4 Rf7 22. Qe2 d5 23. exd5 exd5 24. Rg4 e4 25. c4 dxc4 26. dxc4 Qe5 27. Qxe4
Qxe4 28. Nxe4 Ne5 29. Rg3 Nxc4 30. Rc1 Nxb2 31. Rxc7 a5 32. Nd4 a4 33. Nc6 Bh4
34. Rxf7 Kxf7 35. Rg4 Bf6 36. Nxf6 gxf6 37. Re4 a3 38. Re1 Nd3 39. Ra1 Ke6 40.
Nd4+ Kd5 41. Nc2 a2 42. Kf1 Kc4 43. Ke2 Kc3 44. Ne1 Nxe1 45. Kxe1 Kb2 0-1

[Event "4NCL/Div4/BCA vs. OXF1"]
[Site "West Bromwich ENG"]
[Date "2004.06.20"]
[Round "11.1"]
[White "Mordue, A Tyson"]
[Black "Bilalic, Merim"]
[Result "1/2-1/2"]
[WhiteElo "2284"]
[BlackElo "2290"]
[PlyCount "82"]
[EventDate "2004.06.20"]

1. e4 Nc6 2. Nf3 f5 3. exf5 d5 4. d4 Bxf5 5. Bf4 e6 6. Bd3 Bg4 7. Be2 Bd6 8.
Qd2 Nf6 9. Nc3 O-O 10. Bg3 Ne4 11. Nxe4 dxe4 12. Ne5 Bxe5 13. Bxg4 Bxd4 14.
O-O-O Qf6 15. c3 Bxf2 16. Bxf2 Qxf2 17. Bxe6+ Kh8 18. Rhe1 Qb6 19. Rxe4 Rf2 20.
Re2 Rxe2 21. Qxe2 Re8 22. Qf3 Ne5 23. Qf5 Qe3+ 24. Kb1 h6 25. Bb3 Qg5 26. Qe4
b6 27. Bc2 g6 28. h4 Qf5 29. Qxf5 gxf5 30. Bxf5 Kg7 31. g4 Kf6 32. Rf1 Ke7 33.
Re1 Kd6 34. g5 hxg5 35. hxg5 Rf8 36. Bc2 Rg8 37. Rg1 Nf3 38. Rd1+ Ke7 39. g6
Ne5 40. Rh1 Kf6 41. Rh7 Rg7 1/2-1/2

[Event "4NCL/Div4/BCA vs. OXF1"]
[Site "West Bromwich ENG"]
[Date "2004.06.20"]
[Round "11.2"]
[White "Coleman, James"]
[Black "Ross, Chris"]
[Result "1/2-1/2"]
[WhiteElo "2187"]
[BlackElo "2133"]
[PlyCount "117"]
[EventDate "2004.06.20"]

1. d4 e6 2. Nf3 Nf6 3. Bg5 d5 4. Nbd2 Be7 5. e3 c5 6. c3 Nc6 7. Bd3 h6 8. Bh4
O-O 9. Ne5 Nxe5 10. dxe5 Nd7 11. Bxe7 Qxe7 12. f4 f6 13. exf6 Rxf6 14. Bb5 e5
15. Bxd7 Bxd7 16. Nf3 exf4 17. Qxd5+ Kh8 18. Ne5 Bc6 19. Nxc6 Qxe3+ 20. Kd1
bxc6 21. Qd2 Qxd2+ 22. Kxd2 Rd8+ 23. Kc2 Rfd6 24. Kb3 Rd2 25. Raf1 Rb8+ 26. Kc4
Rbxb2 27. Rxf4 Rxa2 28. Kxc5 Rxg2 29. Kxc6 Rxh2 30. Rxh2 Rxh2 31. c4 g5 32. Re4
Rh4 33. Re8+ Kg7 34. c5 Rc4 35. Kd5 Rc1 36. c6 g4 37. Re4 h5 38. Rc4 Rxc4 39.
Kxc4 g3 40. c7 g2 41. c8=Q g1=Q 42. Qd7+ Kf6 43. Qd8+ Kg7 44. Qe7+ Kh6 45. Qe6+
Qg6 46. Qe3+ Qg5 47. Qxa7 h4 48. Qf7 Qg4+ 49. Kd3 h3 50. Qf8+ Kg5 51. Qe7+ Kh6
52. Qf8+ Kh5 53. Ke3 Qg3+ 54. Ke2 h2 55. Qh8+ Kg4 56. Qc8+ Kf4 57. Qb8+ Kg4 58.
Qc8+ Kh4 59. Qh8+ 1/2-1/2

[Event "4NCL/Div4/BCA vs. OXF1"]
[Site "West Bromwich ENG"]
[Date "2004.06.20"]
[Round "11.3"]
[White "Burnell, Steve"]
[Black "Smallbone, Kieran"]
[Result "0-1"]
[WhiteElo "1840"]
[BlackElo "2147"]
[PlyCount "108"]
[EventDate "2004.06.20"]

1. d4 d5 2. c4 c6 3. cxd5 cxd5 4. Nc3 Nf6 5. Nf3 Nc6 6. Bf4 Ne4 7. e3 Nxc3 8.
bxc3 g6 9. Be2 Bg7 10. O-O O-O 11. c4 dxc4 12. Bxc4 Bg4 13. Be2 Qa5 14. Nd2
Bxe2 15. Qxe2 e5 16. Nb3 Qa3 17. dxe5 Nxe5 18. Rac1 Nc6 19. Rfd1 Rfd8 20. Bc7
Rxd1+ 21. Rxd1 Nb4 22. Qb5 b6 23. h3 Nxa2 24. Qd5 Qf8 25. Qf3 Qe8 26. Nd4 Nc3
27. Ra1 Rc8 28. Bg3 Bxd4 29. exd4 Ne2+ 30. Kh2 Nxg3 31. Qxg3 Qd7 32. Qe3 a5 33.
Rd1 Qd5 34. Qa3 Rc4 35. Qe3 b5 36. Rb1 b4 37. Ra1 Rc8 38. Qd2 Ra8 39. Qb2 Qd6+
40. g3 a4 41. Qe2 Qd5 42. Rxa4 Rxa4 43. Qe8+ Kg7 44. Qxa4 Qxd4 45. Kg2 Qc3 46.
Qa5 Qc6+ 47. Kg1 b3 48. Qd2 Qf6 49. h4 h5 50. Qd1 Qc3 51. Kg2 b2 52. Kh3 Kh7
53. Kh2 Qc5 54. Kg2 Qf5 0-1

[Event "4NCL/Div4/BCA vs. OXF1"]
[Site "West Bromwich ENG"]
[Date "2004.06.20"]
[Round "11.4"]
[White "Savage, Ben D"]
[Black "Murphy, Richard L"]
[Result "1-0"]
[WhiteElo "2208"]
[BlackElo "1376"]
[PlyCount "43"]
[EventDate "2004.06.20"]

1. d4 d5 2. c4 e5 3. dxe5 d4 4. Nf3 Nc6 5. Bf4 Bf5 6. a3 Qd7 7. e3 d3 8. Nc3
O-O-O 9. Nd5 Be6 10. Qxd3 Bxd5 11. cxd5 Qxd5 12. Qxd5 Rxd5 13. Bc4 Rc5 14. Bxf7
Nge7 15. O-O Ng6 16. b4 Rc2 17. Bg3 Be7 18. Rfd1 Rf8 19. Bd5 Rxf3 20. Bxf3
Ngxe5 21. Be4 Rc3 22. b5 1-0

[Event "4NCL/Div4/BCA vs. OXF1"]
[Site "West Bromwich ENG"]
[Date "2004.06.20"]
[Round "11.5"]
[White "Williams, Robin"]
[Black "Rawlinson, Aidan"]
[Result "0-1"]
[WhiteElo "1160"]
[BlackElo "2056"]
[PlyCount "64"]
[EventDate "2004.06.20"]

1. d4 f5 2. c4 Nf6 3. g3 g6 4. Bg2 Bg7 5. Nf3 O-O 6. O-O d6 7. Nc3 Qe8 8. Qc2
Na6 9. a3 c6 10. b3 Bd7 11. Bb2 h6 12. Nd2 e5 13. dxe5 dxe5 14. e4 f4 15. f3
fxg3 16. hxg3 Qe7 17. b4 Rad8 18. Rfd1 Nc7 19. Nb3 Nh5 20. Ne2 b6 21. c5 b5 22.
Bc1 Be6 23. Be3 Bc4 24. Rxd8 Rxd8 25. Bf2 Qg5 26. g4 Bxe2 27. Qxe2 Nf4 28. Qa2
Kh7 29. Qc2 h5 30. Be3 hxg4 31. Bxf4 exf4 32. fxg4 Bxa1 0-1

[Event "4NCL/Div4/BCA vs. OXF1"]
[Site "West Bromwich ENG"]
[Date "2004.06.20"]
[Round "11.6"]
[White "Milovanovics, Aleksander"]
[Black "Whitehouse, Guy"]
[Result "1-0"]
[WhiteElo "2000"]
[BlackElo "1224"]
[PlyCount "79"]
[EventDate "2004.06.20"]

1. Nf3 Nc6 2. d4 d5 3. c4 Bg4 4. e3 e6 5. Nc3 Bb4 6. Qb3 Nge7 7. Bd2 O-O 8. a3
Bxc3 9. Bxc3 b6 10. Be2 Qd6 11. Rc1 Rfd8 12. O-O dxc4 13. Qxc4 Qd5 14. Qa4 Bh5
15. b4 a6 16. Rfd1 b5 17. Qc2 Bg6 18. Qb2 Rd7 19. Nh4 Rad8 20. Nxg6 hxg6 21.
Bf3 Qg5 22. Bd2 Nb8 23. e4 Qh4 24. Be3 Nc8 25. d5 exd5 26. exd5 Nd6 27. Bd4 f6
28. g3 Qh3 29. Re1 Nf5 30. Bc5 Nh4 31. Bh1 Nf5 32. Bg2 Qh7 33. Re6 Kf7 34. Rce1
Qh5 35. Qb3 Nd6 36. Qe3 Qf5 37. Re7+ Kf8 38. Bxd6 cxd6 39. Re8+ Kf7 40. Rxd8
1-0

[Event "4NCL/Div4/HKF2 vs. HKF3"]
[Site "West Bromwich ENG"]
[Date "2004.06.20"]
[Round "11.1"]
[White "Caldarar, Mihai"]
[Black "Woodcock, Roy"]
[Result "1/2-1/2"]
[WhiteElo "2116"]
[BlackElo "1608"]
[PlyCount "136"]
[EventDate "2004.06.20"]

1. d4 d5 2. c4 e6 3. Nf3 Nf6 4. Nc3 Nbd7 5. cxd5 exd5 6. Bg5 c6 7. e3 Be7 8.
Qc2 O-O 9. Bd3 h6 10. h4 Re8 11. Bxf6 Nxf6 12. Bf5 Bxf5 13. Qxf5 Qc8 14. Qd3
Bd6 15. Ne2 Qg4 16. Kf1 Qe4 17. Qd1 Qf5 18. Rh3 Ng4 19. Kg1 Re7 20. Ng3 Qe6 21.
Qd3 Bxg3 22. Rxg3 Rae8 23. b4 Qd7 24. a4 a6 25. Rb1 Nf6 26. Ne5 Qc8 27. b5 Ne4
28. Rf3 axb5 29. axb5 c5 30. Rc1 c4 31. Qa3 Qb8 32. b6 Qd6 33. Qa4 Qxb6 34.
Nxf7 Rf8 35. Ne5 Rxf3 36. gxf3 Nf6 37. Kg2 Qd6 38. Qa8+ Kh7 39. Qf8 Qc7 40. f4
Re8 41. Qb4 Qe7 42. Qb1+ Kg8 43. Qg6 Rf8 44. Rb1 Ne4 45. h5 Nd6 46. Qg4 b5 47.
Ra1 b4 48. Ng6 Qe4+ 49. Kh2 Re8 50. Ra7 Qe6 51. Qg2 Nf5 52. Ne5 b3 53. e4 dxe4
54. Qxe4 Nd6 55. Qg2 Nf5 56. d5 Qd6 57. Rd7 Qf6 58. Rb7 Qh4+ 59. Kg1 Qf6 60.
Kh2 Qh4+ 61. Kg1 Qf6 62. Rf7 Qb6 63. Nxc4 Qd4 64. Rxf5 Qxc4 65. Qg6 Re1+ 66.
Kh2 Qe4 67. Qe6+ Qxe6 68. dxe6 Rxe6 1/2-1/2

[Event "4NCL/Div4/HKF2 vs. HKF3"]
[Site "West Bromwich ENG"]
[Date "2004.06.20"]
[Round "11.2"]
[White "Bullock, Andrew"]
[Black "Pym, Thomas W"]
[Result "0-1"]
[WhiteElo "1672"]
[BlackElo "2050"]
[PlyCount "98"]
[EventDate "2004.06.20"]

1. g3 Nf6 2. c4 g6 3. Bg2 Bg7 4. Nc3 O-O 5. d3 d6 6. Nf3 e5 7. O-O Nc6 8. a3
Ne7 9. b4 e4 10. Nd4 Ng4 11. dxe4 c5 12. Ndb5 a6 13. Nxd6 Bxc3 14. Rb1 Bd4 15.
e3 Qxd6 16. exd4 Qxd4 17. Qxd4 cxd4 18. h3 Ne5 19. c5 Be6 20. Rd1 Rad8 21. Bf4
Nc4 22. a4 f6 23. Bf1 Ne5 24. b5 g5 25. Bd2 Nf3+ 26. Kg2 Nxd2 27. Rxd2 axb5 28.
Rxb5 Rd7 29. Rb6 Nc6 30. Bb5 Rc8 31. a5 Rdc7 32. Bxc6 Rxc6 33. Rxd4 Rxb6 34.
cxb6 Ra8 35. Ra4 Bd7 36. Ra3 Bc6 37. f3 Kf7 38. Kf2 Ke6 39. Ke3 Kd6 40. Kd4 Bb5
41. Ra1 Rc8 42. h4 Rc4+ 43. Ke3 Rc3+ 44. Kf2 gxh4 45. gxh4 Ke5 46. Rd1 Kf4 47.
Rd5 Rc2+ 48. Ke1 Ke3 49. Kd1 Ba4 0-1

[Event "4NCL/Div4/HKF2 vs. HKF3"]
[Site "West Bromwich ENG"]
[Date "2004.06.20"]
[Round "11.3"]
[White "Fowler, Simon"]
[Black "Lazarevic, Ljubica"]
[Result "1-0"]
[WhiteElo "2119"]
[BlackElo "1664"]
[PlyCount "35"]
[EventDate "2004.06.20"]

1. c4 Nf6 2. Nc3 e5 3. Nf3 Nc6 4. d4 exd4 5. Nxd4 d6 6. e4 Be7 7. Be2 O-O 8.
Be3 Nd7 9. Nd5 Nde5 10. f4 Nxd4 11. Bxd4 Nc6 12. Bc3 f5 13. b4 Qd7 14. O-O fxe4
15. Qc2 Qd8 16. b5 Nb8 17. Qxe4 Rf7 18. Bd3 1-0

[Event "4NCL/Div4/HKF2 vs. HKF3"]
[Site "West Bromwich ENG"]
[Date "2004.06.20"]
[Round "11.4"]
[White "Fowler, Keith"]
[Black "Forman, Karl L"]
[Result "0-1"]
[WhiteElo "1200"]
[BlackElo "2028"]
[PlyCount "40"]
[EventDate "2004.06.20"]

1. c4 e5 2. Nc3 Nf6 3. Nf3 d6 4. d4 exd4 5. Nxd4 h6 6. e4 Nc6 7. Be3 Nxd4 8.
Bxd4 Be6 9. Be2 Be7 10. O-O O-O 11. b3 c6 12. f4 Qa5 13. e5 dxe5 14. fxe5 Nd7
15. Rf3 Nxe5 16. Re3 Ng6 17. Bg4 Rfd8 18. Bxe6 fxe6 19. Rxe6 Rxd4 20. Qxd4 Bc5
0-1

[Event "4NCL/Div4/HKF2 vs. HKF3"]
[Site "West Bromwich ENG"]
[Date "2004.06.20"]
[Round "11.5"]
[White "Wildig, Robert"]
[Black "Rhodes, Peter"]
[Result "1-0"]
[WhiteElo "1944"]
[BlackElo "1064"]
[PlyCount "89"]
[EventDate "2004.06.20"]

1. d4 e6 2. c4 Nf6 3. Nf3 b6 4. a3 Bb7 5. Nc3 Be7 6. d5 O-O 7. e4 exd5 8. exd5
d6 9. Be2 Nbd7 10. O-O c5 11. Bf4 Re8 12. h3 Nf8 13. Qc2 Ng6 14. Bh2 a6 15. a4
Bc8 16. Nd2 Qc7 17. Ra3 Bd7 18. a5 Reb8 19. axb6 Rxb6 20. Rfa1 Qc8 21. Nd1 Nh4
22. Nf3 Nxf3+ 23. Rxf3 a5 24. Raa3 Qd8 25. Rae3 Rab8 26. g4 Nxg4 27. hxg4 Bxg4
28. Rg3 Bxe2 29. Rxe2 Bf6 30. Rh3 g6 31. b3 Qd7 32. Ree3 Bd4 33. Ref3 Re8 34.
Ne3 a4 35. bxa4 Rb2 36. Qd3 Reb8 37. Kg2 Qe7 38. Nd1 Ra2 39. Nc3 Ra3 40. Qe4
Qg5+ 41. Rhg3 Qc1 42. Ne2 Qe1 43. Rxa3 Qxf2+ 44. Kh3 Qf1+ 45. Rg2 1-0

[Event "4NCL/Div4/HKF2 vs. HKF3"]
[Site "West Bromwich ENG"]
[Date "2004.06.20"]
[Round "11.6"]
[White "Parmar, Jyoti"]
[Black "Hogarth, Mark J"]
[Result "0-1"]
[WhiteElo "928"]
[BlackElo "1932"]
[PlyCount "38"]
[EventDate "2004.06.20"]

1. e4 c5 2. Nf3 d6 3. d4 cxd4 4. Nxd4 Nf6 5. Nc3 g6 6. Be3 Bg7 7. f3 Nc6 8. Bc4
O-O 9. Qd2 Bd7 10. O-O-O Rc8 11. h4 Nxd4 12. Qxd4 Ng4 13. Qd3 Nxe3 14. Qxe3
Rxc4 15. g4 Be6 16. a3 Qa5 17. Ne2 Rfc8 18. Rd2 b5 19. Kb1 b4 0-1